<?xml version="1.0" encoding="UTF-8"?>
<record
    xmlns:xsi="http://www.w3.org/2001/XMLSchema-instance"
    xsi:schemaLocation="http://www.loc.gov/MARC21/slim http://www.loc.gov/standards/marcxml/schema/MARC21slim.xsd"
    xmlns="http://www.loc.gov/MARC21/slim">

  <leader>02187nam a2200337 i 4500</leader>
  <controlfield tag="003">DO-SdBNP</controlfield>
  <controlfield tag="005">20240822142820.0</controlfield>
  <controlfield tag="007">ta</controlfield>
  <controlfield tag="008">240822t2024    dr aoc|| |||| 00| 0 spa d</controlfield>
  <datafield tag="020" ind1=" " ind2=" ">
    <subfield code="a">9789945937848</subfield>
  </datafield>
  <datafield tag="040" ind1=" " ind2=" ">
    <subfield code="a">DO-SdBNP</subfield>
    <subfield code="b">spa</subfield>
    <subfield code="c">BNPHU</subfield>
    <subfield code="e">rda</subfield>
  </datafield>
  <datafield tag="082" ind1=" " ind2="4">
    <subfield code="2">22</subfield>
    <subfield code="b">A795C</subfield>
  </datafield>
  <datafield tag="100" ind1=" " ind2=" ">
    <subfield code="a">Arvelo, Tulio H</subfield>
    <subfield code="9">52435</subfield>
    <subfield code="e">autor</subfield>
  </datafield>
  <datafield tag="245" ind1="1" ind2="0">
    <subfield code="a">Cayo Confite y  Luper&#xF3;n :</subfield>
    <subfield code="b">memorias de un expedicionario /</subfield>
    <subfield code="c">Tulio H. Arvelo; pr&#xF3;logo, Jos&#xE9; Espaillat.</subfield>
  </datafield>
  <datafield tag="250" ind1=" " ind2=" ">
    <subfield code="a">2a. edici&#xF3;n </subfield>
  </datafield>
  <datafield tag="264" ind1=" " ind2="1">
    <subfield code="a">Santo Domingo : </subfield>
    <subfield code="b">Museo Memorial de la Resistencia Dominicana,</subfield>
    <subfield code="b">B&#xFA;ho,</subfield>
    <subfield code="c">2024.</subfield>
  </datafield>
  <datafield tag="300" ind1=" " ind2=" ">
    <subfield code="a">278 p&#xE1;ginas :</subfield>
    <subfield code="b">ilustraciones, retratos, fotograf&#xED;as ;</subfield>
    <subfield code="c">23 cm.</subfield>
  </datafield>
  <datafield tag="336" ind1=" " ind2=" ">
    <subfield code="2">rdacontent</subfield>
    <subfield code="a">texto</subfield>
    <subfield code="b">txt</subfield>
  </datafield>
  <datafield tag="337" ind1=" " ind2=" ">
    <subfield code="2">rdamedia</subfield>
    <subfield code="a">sin mediaci&#xF3;n</subfield>
    <subfield code="b">n</subfield>
  </datafield>
  <datafield tag="338" ind1=" " ind2=" ">
    <subfield code="2">rdacarrier</subfield>
    <subfield code="a">volumen</subfield>
    <subfield code="b">nc</subfield>
  </datafield>
  <datafield tag="490" ind1="0" ind2=" ">
    <subfield code="a">Museo Memorial de la Resistencia Dominicana</subfield>
    <subfield code="v">13</subfield>
  </datafield>
  <datafield tag="500" ind1=" " ind2=" ">
    <subfield code="a">Incluye datos biograf&#xED;cos del autor en las solapas. </subfield>
  </datafield>
  <datafield tag="500" ind1=" " ind2=" ">
    <subfield code="a">Reeditado con motivo del 75 aniversario de la expedici&#xF3;n de Luper&#xF3;n de 1949.</subfield>
  </datafield>
  <datafield tag="505" ind1=" " ind2=" ">
    <subfield code="t">Presentaci&#xF3;n --</subfield>
    <subfield code="t">Pr&#xF3;logo.-- </subfield>
    <subfield code="t">Aclaraci&#xF3;n Preliminar.-- </subfield>
    <subfield code="t">Preludios de un tiran&#xED;a.-- </subfield>
    <subfield code="t">Mi primer viaje al extranjero.-- </subfield>
    <subfield code="t">El camino hacia el cayo.--</subfield>
    <subfield code="t"> La vida en Cayo Confite.-- </subfield>
    <subfield code="t">El comienzo del fin.-- </subfield>
    <subfield code="t">Estampidas en el Cayo.-- </subfield>
    <subfield code="t">En busca de nueva oportunidades.-- </subfield>
    <subfield code="t">Diligencias en la Habana.-- </subfield>
    <subfield code="t">Diligencias en M&#xE9;xico.-- </subfield>
    <subfield code="t">&#xDA;ltimos preparativos de la invasi&#xF3;n.-- </subfield>
    <subfield code="t">El Lago Izabal.-- </subfield>
    <subfield code="t">El desembarco.-- </subfield>
    <subfield code="t">La fuga a trav&#xE9;s de los montes.--</subfield>
    <subfield code="t"> La captura.-- </subfield>
    <subfield code="t">Respuesta a algunas interrogantes.-- </subfield>
    <subfield code="t">Traslado a Puerto Plata y a Santiago.-- </subfield>
    <subfield code="t">Traslado a Santo Domingo.-- </subfield>
    <subfield code="t">El proceso y la sentencia.-- </subfield>
    <subfield code="t">Agilidad mental de Miguelucho.-- </subfield>
    <subfield code="t">Infiltraci&#xF3;n trujillista en el Frente Interno.--  </subfield>
    <subfield code="t">De nuevo hacia el exilio. --</subfield>
    <subfield code="t">Situaci&#xF3;n actual y destino de algunas de las personas mencionadas en este relato. --</subfield>
    <subfield code="t">Publicaciones del Museo Memorial de la Resistencia Dominicana /</subfield>
  </datafield>
  <datafield tag="590" ind1=" " ind2=" ">
    <subfield code="a">Inventariado 2024 / YL</subfield>
  </datafield>
  <datafield tag="600" ind1="1" ind2="0">
    <subfield code="a">Luper&#xF3;n, Gregorio,</subfield>
    <subfield code="d">1839-1897</subfield>
    <subfield code="9">888</subfield>
    <subfield code="v">Cayo Confites </subfield>
  </datafield>
  <datafield tag="650" ind1=" " ind2="4">
    <subfield code="a">Cayo Confites (Movimiento Militar)</subfield>
    <subfield code="z">Rep&#xFA;blica Dominicana</subfield>
    <subfield code="x">Historia</subfield>
    <subfield code="9">76516</subfield>
  </datafield>
  <datafield tag="700" ind1="1" ind2="4">
    <subfield code="a">Espaillat, Jos&#xE9;,</subfield>
    <subfield code="9">44951</subfield>
    <subfield code="e">pr&#xF3;logo</subfield>
  </datafield>
  <datafield tag="910" ind1=" " ind2=" ">
    <subfield code="a">YLockward</subfield>
  </datafield>
  <datafield tag="942" ind1=" " ind2=" ">
    <subfield code="2">ddc</subfield>
    <subfield code="c">LBS1</subfield>
  </datafield>
  <datafield tag="952" ind1=" " ind2=" ">
    <subfield code="0">0</subfield>
    <subfield code="1">0</subfield>
    <subfield code="2">ddc</subfield>
    <subfield code="5">1</subfield>
    <subfield code="7">0</subfield>
    <subfield code="8">PD</subfield>
    <subfield code="a">BNPHU</subfield>
    <subfield code="b">BNPHU</subfield>
    <subfield code="c">CT</subfield>
    <subfield code="d">2024-08-06</subfield>
    <subfield code="e">Deposito Legal</subfield>
    <subfield code="l">0</subfield>
    <subfield code="o">BNPHU PD A795C</subfield>
    <subfield code="p">2024-5056</subfield>
    <subfield code="r">2024-08-22</subfield>
    <subfield code="w">2024-08-22</subfield>
    <subfield code="y">LBS1</subfield>
  </datafield>
  <datafield tag="952" ind1=" " ind2=" ">
    <subfield code="0">0</subfield>
    <subfield code="1">0</subfield>
    <subfield code="2">ddc</subfield>
    <subfield code="5">1</subfield>
    <subfield code="7">0</subfield>
    <subfield code="8">PD</subfield>
    <subfield code="a">BNPHU</subfield>
    <subfield code="b">BNPHU</subfield>
    <subfield code="c">CT</subfield>
    <subfield code="d">2024-08-06</subfield>
    <subfield code="e">Deposito Legal</subfield>
    <subfield code="l">0</subfield>
    <subfield code="o">BNPHU PD A795C</subfield>
    <subfield code="p">2024-5057</subfield>
    <subfield code="r">2024-08-22</subfield>
    <subfield code="t">e. 2</subfield>
    <subfield code="w">2024-08-22</subfield>
    <subfield code="y">LBS1</subfield>
  </datafield>
  <datafield tag="952" ind1=" " ind2=" ">
    <subfield code="0">0</subfield>
    <subfield code="1">0</subfield>
    <subfield code="2">ddc</subfield>
    <subfield code="5">6</subfield>
    <subfield code="7">0</subfield>
    <subfield code="8">DS</subfield>
    <subfield code="a">BNPHU</subfield>
    <subfield code="b">BNPHU</subfield>
    <subfield code="c">CT</subfield>
    <subfield code="d">2024-08-06</subfield>
    <subfield code="e">Deposito Legal</subfield>
    <subfield code="l">0</subfield>
    <subfield code="o">BNPHU DS A795C</subfield>
    <subfield code="p">2024-5058</subfield>
    <subfield code="r">2024-08-22</subfield>
    <subfield code="t">e. 3</subfield>
    <subfield code="w">2024-08-22</subfield>
    <subfield code="y">LBS1</subfield>
  </datafield>
  <datafield tag="999" ind1=" " ind2=" ">
    <subfield code="c">57531</subfield>
    <subfield code="d">57531</subfield>
  </datafield>
</record>
